MARC

LEADER 00000nam0a2200000 4500
001 310088
005 20231102002243.0
020 |a RU  |b 81-62279 
035 |a (RuTPU)RU\TPU\book\335429 
090 |a 310088 
100 |a 20151120d1981 km y0rusy5003 ca 
101 0 |a rus 
102 |a RU 
105 |a a z 000zy 
200 1 |a Автомобиль "Москвич" Советы автолюбителям по эксплуатации и обслуживанию  |f В. Н. Тапинский, Я. В. Горячий, В. К. Богомолов 
210 |a Москва  |c Транспорт  |d 1981 
215 |a 176 с.  |c ил. 
606 1 |a Автомобили  |x Москвич "2140"  |2 stltpush  |3 (RuTPU)RU\TPU\subj\967  |9 29771 
610 1 |a автомобили легковые малолитражные 
610 1 |a эксплуатация 
610 1 |a уход 
610 1 |a обслуживание 
610 1 |a неисправности 
610 1 |a ремонт 
675 |a 629.114.6  |z rus  |v 3 
700 1 |a Тапинский  |b В. Н.  |g Владимир Николаевич  |4 070 
701 1 |a Горячий  |b Я. В.  |g Яков Владимирович 
701 1 |a Богомолов  |b В. К.  |g Владислав Константинович 
801 0 |a RU  |b RuMRKP  |c 19950704  |g psbo 
801 1 |a RU  |b 63413507  |c 20151120 
801 2 |a RU  |b 63413507  |c 20190905  |g RCR 
942 |c BK